Computer architecture: a modern synthesis : Volume 1: Foundations /

Saved in:
Bibliographic Details
Main Author: Dasgupta, Subrata (Author)
Format: Book
Language:English
Published: New York : John Wiley & Sons, 1989
Subjects:
Tags: Add Tag
No Tags, Be the first to tag this record!

MARC

LEADER 00000nam a22000003a 4500
001 stu2812
005 20190206124355.3
008 921221s1989----xxu-----------------eng-d
020 |a 0-471-61277-4 
040 |a STU  |b slo 
041 0 |a eng 
044 |a xxu 
080 |a 681.32.02  |7 stu_us_auth*stu8293 
100 1 |a Dasgupta, Subrata  |4 aut 
245 1 |a Computer architecture: a modern synthesis :  |b Volume 1: Foundations /  |c [aut.] Dasgupta,Subrata 
260 |a New York :  |b John Wiley & Sons,  |c 1989 
300 |a 377 s 
650 7 |a počítače  |2 stusub 
650 7 |a počítačové systémy  |2 stusub 
650 7 |a architektúra počítačov  |2 stusub 
650 7 |a paralelné spracovanie  |2 stusub 
996 |c I*20VS4685  |l I  |s A  |a 24  |w stu2812_0001